Annual abstract of statistics 1983

Enregistré dans:
Détails bibliographiques
Autres auteurs: Lawrence, Ethel
Format: Livre
Langue:anglais
Publié: London Her Majesty's Stationery Office 1983
Tags: Ajouter un tag
Pas de tags, Soyez le premier à ajouter un tag!

MARC

LEADER 00000nam a2200000 4500
001 c129323
005 20041019155246.0
041 0 |a eng 
044 |a GB 
245 1 0 |a Annual abstract of statistics 1983  |c Editor Ethel Lawrence 
264 1 |a London  |b Her Majesty's Stationery Office  |c 1983 
300 |a 362 s. 
700 1 |a Lawrence, Ethel